'A' Images in 15 Categories Quiz Stats

 Plays Quiz not verified by Sporcle

Score 0/15 Timer 03:00
1 Play Today
Category Answer % Correct
MISCELLANEOUS
Company
Apple Inc.
95.6%
MOVIES
2009 Sci-fi Film
Avatar
90.9%
LANGUAGE
Writing System
Arabic
89.1%
ENTERTAINMENT
DC Comics Character
Aquaman
85.7%
MUSIC
Musical Instrument
Accordion
78.8%
GEOGRAPHY
Canadian Province
Alberta
75.9%
RELIGION
Greek Goddess of Wisdom
Athena
72.9%
SCIENCE
Chemical Element
Aluminum
69.9%
Category Answer % Correct
JUST FOR FUN
Color
Aquamarine
67.1%
HOLIDAY
US Holiday
Arbor Day
62.2%
LITERATURE
'Lord of the Rings' Character
Aragorn II Elessar
56.6%
SPORTS
Premier League Club
Arsenal F.C.
56.4%
TELEVISION
Animated Series
Adventure Time
51.7%
HISTORY
US President
Arthur, Chester A.
51.3%
GAMING
Arcade Video Game
Asteroids
51.1%

You're not logged in!

Compare scores with friends on all Sporcle quizzes.
OR
Log In

Show Comments

Extras

Top Quizzes Today


Score Distribution

Your Account Isn't Verified!

In order to create a playlist on Sporcle, you need to verify the email address you used during registration. Go to your Sporcle Settings to finish the process.

Report this User

Report this user for behavior that violates our Community Guidelines.

Details: